000 00362nam a22001457a 4500
008 250702b |||||||| |||| 00| 0 eng d
020 _a9789789050147
050 _aBJ1251
_b.S45
100 _aShieids Norman
245 _aChristian ethics
260 _aplateau
_bAfrica Christian textbooks
_c2014
300 _a303p.
650 _aChristian ethics
942 _cBK
999 _c4048
_d4048